| 000 | 00412cam a22001814a 4500 | ||
|---|---|---|---|
| 005 | 20250605163538.0 | ||
| 008 | 250528s ||||||||||||||||||||||||d | ||
| 035 | _a21489 | ||
| 020 | _a9780751700640 | ||
| 040 |
_aGR-AtMCL _bgre _dGR-AtMCL _eAACR2 |
||
| 245 | 1 | _aACCA STUDY TEXT | |
| 250 | _a1 | ||
| 260 |
_bBBP publishing LTD, _c1996 |
||
| 300 | _a542 | ||
| 942 | _cBK | ||
| 999 |
_c6551 _d6551 |
||